| 000 | 00436nam a2200169Ia 4500 | ||
|---|---|---|---|
| 005 | 20250508154400.0 | ||
| 008 | 008 250505s9999 xx 000 0 eng d | ||
| 037 | _aTextual | ||
| 040 |
_aFEDL _beng _cFEDL |
||
| 041 |
_aeng _2eng |
||
| 084 |
_a428, BEN _qFEDL |
||
| 100 |
_aRodney Bennett _9765387 |
||
| 245 | 0 | _aLondon dramatic books | |
| 490 | _aSeries 1 - 4 | ||
| 942 |
_cTEXL _h428, BEN |
||
| 999 |
_c1349843 _d1349843 |
||